¿Triunfo o fracaso del gobierno?
Gespeichert in:
| Format: | Text |
|---|---|
| Schlagworte: | |
| Tags: |
Tag hinzufügen
Keine Tags, Fügen Sie den ersten Tag hinzu!
|
MARC
| LEADER | 00000 a a2200000 04500 | ||
|---|---|---|---|
| 001 | 5831 | ||
| 003 | |||
| 040 | |||
| 245 | |a ¿Triunfo o fracaso del gobierno? | ||
| 650 | |a GOBIERNO | ||
| 650 | |a DERECHOS HUMANOS | ||
| 650 | |a ONU | ||
| 650 | |a PARTIDOS POLITICOS | ||
| 650 | |a ACUERDOS DE PAZ | ||
| 773 | |g volumen 14, número 602; páginas 13-16 | ||
| 999 | |c 39627 |d 39627 | ||
